| 000 | 00846nam a22002297a 4500 | ||
|---|---|---|---|
| 003 | DO-SdBNP | ||
| 005 | 20211214140953.0 | ||
| 007 | ta | ||
| 008 | 211124b2019 dr ||||| |||| 00| j spa d | ||
| 020 | _a9789945614299 | ||
| 040 |
_aDO-SdBNP _bspa _cBNPHU |
||
| 082 | 4 | _222 | |
| 100 | 1 |
_aSegura, Orlando _943311 |
|
| 245 | 1 | 0 |
_aEl párroco que huyó del pueblo / _cOrlando Segura. |
| 260 |
_aSanto Domingo : _bSantuario, _c2019. |
||
| 300 |
_a56 p. : _c22 cm. |
||
| 500 | _aIncluye datos del autor en las solapas | ||
| 505 | 0 |
_aEl pavo lujurioso -- _tLos guardaespaldas -- _tEl analfaburro -- _tEl niño de los cielos -- _tYierbamala y sus compinches -- _tLas gemelas de doña Margarita -- _tLos que me salvaron la vida -- _tEl párroco que huyó del pueblo. |
|
| 590 | _aInventariado, 2021 /LP | ||
| 910 | _aLopérez. | ||
| 942 |
_2ddc _cLBS1 |
||
| 999 |
_c51026 _d51026 |
||